00391nam a2200121Ia 45000010005000000080041000050820025000461000064000712450074001352600017002099010028002269990015002541390241024s9999 xx 000 0 und d aRD/371.26/R426i/2009 aRepública Dominicana. Secretaria de Estado de Educación 0aInforme diagnóstico de pruebas nacionales: Fortalezas y Debilidades bIDEICEc2009 a30/3/2011 10:50:44 a.m. c8866d8866